Statistics for College football (FBS) Conference

Click here to take the quiz!

General Stats

  • This quiz has been taken 1,299 times
  • The average score is 9 of 12

Answer Stats

HintAnswer% Correct
Florida StateACC
98%
TexasBig 12
96%
TennesseeSoutheastern Conference
94%
MichiganBig 10
93%
UtahPac-12
88%
Fresno StateMountain West
72%
Central FloridaAmerican Athletics Conference
71%
BYUIndependent
66%
Georgia StateSun Belt
64%
TulaneConference USA
49%
Ohio UniversityMid-American
46%
New Mexico StateWestern Athletic
27%

Score Distribution

Percentile by Number Answered

Percent of People with Each Score

Your Score History

You have not taken this quiz